[Event "III Festival Scacchisti.it A"]
[Site "Acqui Terme ITA"]
[Date "2014.07.07"]
[Round "2"]
[White "Movileanu, Daniela"]
[Black "Laketic, Gojko"]
[WhiteElo "2087"]
[BlackElo "2417"]
[Result "0-1"]
[PlyCount "78"]
[EventDate "2014.07.06"]

1. e4 g6 2. d4 Bg7 3. Nc3 d6 4. h3 Nf6 5. Nf3 O-O 6. Be2 c6 7. a4 a5 8. O-O Na6
9. Re1 Nb4 10. Bf1 e5 11. Be3 Qe7 12. Nd2 Ng4 13. hxg4 exd4 14. Bxd4 Bxd4 15.
Nb3 Bb6 16. Qd2 Bxg4 17. Nd1 Be6 18. Nc1 Rfd8 19. c3 Na6 20. Ne3 Qg5 21. Qc2
Nc5 22. Nc4 Bc7 23. Ne3 Qh4 24. Nd1 d5 25. e5 Qg5 26. b4 Nd7 27. Nd3 Nxe5 28.
Re3 Ng4 29. Rh3 Bf5 30. Ne3 Nxe3 31. Rxe3 Bb6 32. Ree1 Re8 33. b5 cxb5 34. axb5
Rxe1 35. Rxe1 Rc8 36. Qb2 Be4 37. Nc1 Qf6 38. Na2 Qf4 39. Qe2 h5 0-1

[Event "III Festival Scacchisti.it A"]
[Site "Acqui Terme ITA"]
[Date "2014.07.08"]
[Round "3"]
[White "Aghayev, Miragha"]
[Black "Cebalo, Miso"]
[WhiteElo "2364"]
[BlackElo "2426"]
[Result "1-0"]
[PlyCount "81"]
[EventDate "2014.07.06"]

1. Nf3 c5 2. c4 g6 3. d4 cxd4 4. Nxd4 Nf6 5. Nc3 Nc6 6. e4 Nxd4 7. Qxd4 d6 8.
Bg5 Bg7 9. Be2 O-O 10. Qd2 a5 11. O-O a4 12. Rac1 Qa5 13. f3 Be6 14. Nd5 Qxd2
15. Bxd2 Bxd5 16. cxd5 Nd7 17. Rc4 Nc5 18. Rb4 a3 19. b3 Bb2 20. Be3 Rfc8 21.
Rf2 Rc7 22. Bb5 Rac8 23. Rc2 Na6 24. Rxc7 Rxc7 25. Bxa6 bxa6 26. Rc4 Rb7 27.
Ra4 f5 28. Rxa6 fxe4 29. fxe4 Kf7 30. Kf1 e6 31. Rxd6 exd5 32. Rxd5 Rb4 33.
Rd7+ Ke6 34. Re7+ Kf6 35. Rxh7 Rxe4 36. Bf2 Re8 37. Rc7 Kf5 38. Bg3 Rd8 39.
Rc5+ Ke6 40. Rc6+ Kf7 41. Ra6 1-0

[Event "III Festival Scacchisti.it A"]
[Site "Acqui Terme ITA"]
[Date "2014.07.08"]
[Round "3"]
[White "Altini, Nicola"]
[Black "Lazic, Miroljub"]
[WhiteElo "2412"]
[BlackElo "2466"]
[Result "1/2-1/2"]
[PlyCount "21"]
[EventDate "2014.07.06"]

1. d4 d5 2. c4 c6 3. cxd5 cxd5 4. Nc3 Nf6 5. Bf4 Nc6 6. Nf3 Bf5 7. e3 e6 8. Bd3
Bxd3 9. Qxd3 Bd6 10. Bxd6 Qxd6 11. O-O 1/2-1/2

[Event "III Festival Scacchisti.it A"]
[Site "Acqui Terme ITA"]
[Date "2014.07.08"]
[Round "3"]
[White "Beccaris, Gabriele"]
[Black "Di Paolo, Raffaele"]
[WhiteElo "2031"]
[BlackElo "2259"]
[Result "0-1"]
[PlyCount "42"]
[EventDate "2014.07.06"]

1. e4 e5 2. Nf3 Nc6 3. d4 exd4 4. Nxd4 Nf6 5. Nxc6 bxc6 6. Bd3 d6 7. O-O Be7 8.
Qe2 O-O 9. e5 dxe5 10. Qxe5 Bd6 11. Qg5 Rb8 12. a3 Re8 13. Qh4 Be5 14. Nc3 h6
15. Kh1 c5 16. f4 Bd4 17. Nb5 Bb7 18. Nxd4 Qxd4 19. Qg3 c4 20. Bf5 Re2 21. Bh3
Ne4 0-1

[Event "III Festival Scacchisti.it A"]
[Site "Acqui Terme ITA"]
[Date "2014.07.08"]
[Round "3"]
[White "Briata, Federico"]
[Black "Damia, Angelo"]
[WhiteElo "1971"]
[BlackElo "2205"]
[Result "1/2-1/2"]
[PlyCount "136"]
[EventDate "2014.07.06"]

1. e4 c5 2. Nf3 Nc6 3. d4 cxd4 4. Nxd4 e5 5. Nb5 a6 6. Nd6+ Bxd6 7. Qxd6 Qe7 8.
Qxe7+ Ngxe7 9. Nc3 d6 10. Be3 Be6 11. O-O-O O-O-O 12. Nd5 Kb8 13. Bc4 Bxd5 14.
exd5 Na7 15. Be2 Nac8 16. f3 Nf5 17. Bf2 Nce7 18. c4 Ng6 19. Rhe1 Rc8 20. Kb1
Nfe7 21. Bb6 Nf8 22. b4 Nd7 23. Bf2 b6 24. Bf1 Rc7 25. Re3 Rhc8 26. Rc3 Kb7 27.
Kb2 Nf6 28. Rdc1 b5 29. cxb5 axb5 30. Rxc7+ Rxc7 31. Rxc7+ Kxc7 32. Bxb5 Nfxd5
33. Kb3 f5 34. Bd3 Nf4 35. Bf1 d5 36. b5 d4 37. g3 Ne6 38. Kc4 Ng5 39. Bg2 Nc8
40. h4 Nb6+ 41. Kd3 Ne6 42. f4 e4+ 43. Kc2 Nc4 44. Bf1 Nd6 45. Kb3 Kb6 46. Kb4
e3 47. Be1 Nc7 48. a4 Nd5+ 49. Kb3 Kc5 50. Bd3 g6 51. Ba5 Ne4 52. Be1 Nec3 53.
h5 Ne4 54. hxg6 hxg6 55. a5 Nd6 56. b6 Kc6 57. Kc2 Nf6 58. Kb3 Nfe4 59. Kc2 Nf6
60. Kb3 Nfe4 61. Kc2 Nc5 62. Bb4 Nce4 63. Bxe4+ Nxe4 64. Kd3 Nxg3 65. Kxd4 e2
66. Kd3 Ne4 67. Kxe2 g5 68. fxg5 Nxg5 1/2-1/2

[Event "III Festival Scacchisti.it A"]
[Site "Acqui Terme ITA"]
[Date "2014.07.08"]
[Round "3"]
[White "Chiarotto, Filippo"]
[Black "Blechzin, Igor"]
[WhiteElo "2059"]
[BlackElo "2360"]
[Result "0-1"]
[PlyCount "116"]
[EventDate "2014.07.06"]

1. e4 c5 2. Nf3 d6 3. Bb5+ Nd7 4. O-O a6 5. Bxd7+ Bxd7 6. d4 cxd4 7. Qxd4 Nf6
8. Nc3 e6 9. e5 dxe5 10. Nxe5 Rc8 11. Bg5 Bc5 12. Qh4 Be7 13. Rad1 Rc7 14. Rd2
Qc8 15. Rfd1 Bc6 16. h3 b5 17. Nxc6 Rxc6 18. a3 O-O 19. Qg3 Kh8 20. Qf3 h6 21.
Bf4 Rc4 22. Bd6 Bxd6 23. Rxd6 Kg8 24. Rb6 Nd7 25. Rbd6 Ne5 26. Qe3 Rc5 27. b4
Rxc3 28. Qxe5 Rxa3 29. Qb2 Rc3 30. R1d2 Rc6 31. Rd7 Rc7 32. R7d6 Qb7 33. Qa2
Qe4 34. R6d4 Qe1+ 35. Kh2 Rc4 36. Rd7 Rc6 37. Qb3 Qe4 38. R7d4 Qe5+ 39. f4 Qc7
40. Qd3 Rc8 41. Qe4 Rc4 42. Rxc4 Qxc4 43. Rd4 Qc7 44. Kh1 g6 45. f5 exf5 46.
Qh4 Qxc2 47. Rd8+ Rxd8 48. Qxd8+ Kh7 49. Qf6 Qc4 50. h4 Qe6 51. Qd4 Kg8 52. Qd2
Kg7 53. Qd4+ Qf6 54. Qf4 Qc3 55. g3 Qe1+ 56. Kh2 Qe2+ 57. Kg1 Qe4 58. Qd6 f4
0-1

[Event "III Festival Scacchisti.it A"]
[Site "Acqui Terme ITA"]
[Date "2014.07.08"]
[Round "3"]
[White "Del Rio Angelis, Salvador Gabriel"]
[Black "Pepino, Enrico"]
[WhiteElo "2520"]
[BlackElo "2200"]
[Result "1-0"]
[PlyCount "57"]
[EventDate "2014.07.06"]

1. d4 Nf6 2. c4 g6 3. Nc3 Bg7 4. e4 d6 5. Nf3 O-O 6. h3 e5 7. d5 a5 8. Be3 Na6
9. g4 c6 10. Be2 Nc5 11. Nd2 Bd7 12. g5 Ne8 13. h4 Qb8 14. h5 Nc7 15. Bxc5 dxc5
16. Bg4 Bxg4 17. Qxg4 cxd5 18. exd5 Qc8 19. Qxc8 Raxc8 20. Nde4 Rfd8 21. O-O-O
Ne8 22. Rh3 Bf8 23. Rdh1 Rc7 24. Kc2 Rdc8 25. Nd1 Bg7 26. hxg6 hxg6 27. Rf3 Rd8
28. Ndc3 Kf8 29. Nb5 1-0

[Event "III Festival Scacchisti.it A"]
[Site "Acqui Terme ITA"]
[Date "2014.07.08"]
[Round "3"]
[White "Laketic, Gojko"]
[Black "De Santis, Alessio"]
[WhiteElo "2417"]
[BlackElo "2263"]
[Result "1/2-1/2"]
[PlyCount "108"]
[EventDate "2014.07.06"]

1. d4 Nf6 2. Nf3 e6 3. c4 Bb4+ 4. Bd2 Qe7 5. g3 a5 6. Bg2 O-O 7. O-O Bxd2 8.
Qxd2 d6 9. Nc3 Nbd7 10. h3 h6 11. e4 e5 12. Rfe1 c6 13. Rad1 Re8 14. b3 Nb6 15.
Qe3 Nbd7 16. Nh4 Nf8 17. Na4 Ra6 18. Bf1 Ng6 19. Nxg6 fxg6 20. c5 exd4 21. Qxd4
dxc5 22. Qxc5 Qxc5 23. Nxc5 Ra7 24. f3 g5 25. Re2 Kf8 26. Red2 Ke7 27. Bg2 b6
28. Na4 Rb7 29. Kf2 Bd7 30. Nc3 Be6 31. f4 gxf4 32. gxf4 Rd7 33. f5 Bg8 34. e5
Rxd2+ 35. Rxd2 Nd5 36. Bxd5 Bxd5 37. Ke3 Rf8 38. Nxd5+ cxd5 39. Kf4 g6 40. f6+
Ke6 41. h4 Rg8 42. Rg2 b5 43. Rg3 b4 44. Rg1 a4 45. bxa4 Ra8 46. Rf1 Rxa4 47.
Ke3 Ra7 48. Kd4 Rc7 49. Rf2 Rc4+ 50. Kd3 Rc3+ 51. Kd4 Rc4+ 52. Kd3 Rc3+ 53. Kd4
Rc4+ 54. Kd3 Rc3+ 1/2-1/2

[Event "III Festival Scacchisti.it A"]
[Site "Acqui Terme ITA"]
[Date "2014.07.08"]
[Round "3"]
[White "Santeramo, Alessia Carmen"]
[Black "Caprio, Guido"]
[WhiteElo "1948"]
[BlackElo "2415"]
[Result "0-1"]
[PlyCount "61"]
[EventDate "2014.07.06"]

1. e4 g6 2. d4 Bg7 3. Nc3 d6 4. h3 Nf6 5. Be3 O-O 6. f4 Nh5 7. Qf3 e5 8. Nge2
exf4 9. Bf2 c5 10. Nxf4 Nxf4 11. Qxf4 cxd4 12. Nd5 Nc6 13. Bd3 f5 14. O-O g5
15. Qd2 f4 16. Be2 Be6 17. Bf3 Re8 18. a3 Ne5 19. Bxd4 Nc4 20. Qf2 Bxd5 21.
exd5 Bxd4 22. Qxd4 Qb6 23. Qxb6 axb6 24. Bg4 Re7 25. Rf2 Nxb2 26. c4 Nxc4 27.
Rb1 b5 28. a4 bxa4 29. Be6+ Kg7 30. Rbb2 a3 31. Rb4 0-1

[Event "III Festival Scacchisti.it A"]
[Site "Acqui Terme ITA"]
[Date "2014.07.08"]
[Round "3"]
[White "Sergeev, Vladimir"]
[Black "Efimov, Igor"]
[WhiteElo "2447"]
[BlackElo "2406"]
[Result "1-0"]
[PlyCount "83"]
[EventDate "2014.07.06"]

1. Nf3 c5 2. g3 g6 3. Bg2 Bg7 4. O-O Nc6 5. c3 e5 6. e4 Nge7 7. d3 O-O 8. a3 a5
9. a4 d6 10. Na3 h6 11. Nb5 f5 12. Nd2 Be6 13. Nc4 Nc8 14. exf5 gxf5 15. Qe2
Re8 16. Qh5 d5 17. Ne3 N8e7 18. c4 dxc4 19. Nxc4 Bf7 20. Qh4 Nd4 21. Ncd6 Nxb5
22. Nxe8 Bxe8 23. axb5 Qd6 24. Be3 Bxb5 25. Rfc1 Nd5 26. Bxd5+ Qxd5 27. Rxc5
Qd7 28. Bxh6 Bc6 29. Qg5 Re8 30. Raxa5 e4 31. Bxg7 Qxg7 32. Qxg7+ Kxg7 33. Rxc6
bxc6 34. dxe4 fxe4 35. Rc5 Rb8 36. Rxc6 Rxb2 37. Rc4 Rb1+ 38. Kg2 Re1 39. Rc3
Rd1 40. Rc5 Rd4 41. Kh3 Kf6 42. Kg4 1-0

[Event "III Festival Scacchisti.it A"]
[Site "Acqui Terme ITA"]
[Date "2014.07.08"]
[Round "3"]
[White "Yao, Stefano"]
[Black "Bosca, Valter Romano"]
[WhiteElo "2176"]
[BlackElo "2019"]
[Result "1-0"]
[PlyCount "79"]
[EventDate "2014.07.06"]

1. d4 Nf6 2. Nf3 e6 3. Bg5 b6 4. e3 Be7 5. Bd3 Bb7 6. Nbd2 d6 7. c4 h6 8. Bh4
Nh5 9. Bxe7 Qxe7 10. Qa4+ Nd7 11. O-O-O Nhf6 12. Qc2 O-O-O 13. Kb1 Kb8 14. Ne4
Rhe8 15. Nfd2 Nxe4 16. Bxe4 f5 17. Bxb7 Kxb7 18. e4 Qf6 19. Nb3 c5 20. Rhe1 g6
21. e5 dxe5 22. dxc5 Nxc5 23. Nxc5+ bxc5 24. Qa4 Qe7 25. Qb5+ Kc7 26. Rxd8 Rxd8
27. Rxe5 Rd1+ 28. Kc2 Qd6 29. Qxc5+ Qxc5 30. Rxc5+ Kd6 31. Kxd1 Kxc5 32. b3 e5
33. Kd2 Kd4 34. f3 a5 35. Ke2 g5 36. g3 h5 37. h3 Kc5 38. Kd3 Kc6 39. Ke3 Kc5
40. g4 1-0

[Event "III Festival Scacchisti.it A"]
[Site "Acqui Terme ITA"]
[Date "2014.07.08"]
[Round "4"]
[White "Aghayev, Miragha"]
[Black "Sergeev, Vladimir"]
[WhiteElo "2364"]
[BlackElo "2447"]
[Result "1/2-1/2"]
[PlyCount "56"]
[EventDate "2014.07.06"]

1. e4 Nf6 2. e5 Nd5 3. d4 d6 4. Nf3 Bg4 5. Be2 c6 6. exd6 exd6 7. O-O Be7 8. c4
Nb6 9. Qb3 O-O 10. Nc3 a5 11. h3 Bxf3 12. Bxf3 a4 13. Qc2 Nxc4 14. Nxa4 d5 15.
b3 Na3 16. Qd3 Na6 17. Bb2 Nb5 18. a3 Bf6 19. Qd2 Re8 20. Rfd1 g6 21. Nc5 Nxc5
22. dxc5 d4 23. Qb4 Qa5 24. Qc4 Rad8 25. g3 Nc3 26. Rd3 Qc7 27. a4 h5 28. Kg2
Qc8 1/2-1/2

[Event "III Festival Scacchisti.it A"]
[Site "Acqui Terme ITA"]
[Date "2014.07.08"]
[Round "4"]
[White "Blechzin, Igor"]
[Black "Astengo, Marcello"]
[WhiteElo "2360"]
[BlackElo "2081"]
[Result "1-0"]
[PlyCount "77"]
[EventDate "2014.07.06"]

1. c4 c6 2. Nf3 d5 3. g3 Nf6 4. Qc2 e6 5. Bg2 Be7 6. O-O O-O 7. d4 Nbd7 8. Nbd2
b6 9. e4 dxe4 10. Nxe4 Bb7 11. Bf4 Nxe4 12. Qxe4 Nf6 13. Qe2 Bd6 14. Ne5 Qc7
15. c5 bxc5 16. dxc5 Bxc5 17. Ng6 Qb6 18. Nxf8 Ba6 19. Qc2 Bxf1 20. Nxh7 Bxg2
21. Nxf6+ gxf6 22. Kxg2 Bd4 23. Rb1 c5 24. Qe4 Rc8 25. b3 Qc6 26. Qxc6 Rxc6 27.
Rc1 Ra6 28. Rc2 Kf8 29. g4 Ke7 30. Kf3 e5 31. Be3 Kd6 32. Ke4 Rb6 33. h4 Ke6
34. h5 a5 35. h6 a4 36. Bxd4 axb3 37. axb3 exd4 38. h7 Rb8 39. Rxc5 1-0

[Event "III Festival Scacchisti.it A"]
[Site "Acqui Terme ITA"]
[Date "2014.07.08"]
[Round "4"]
[White "Caprio, Guido"]
[Black "Altini, Nicola"]
[WhiteElo "2415"]
[BlackElo "2412"]
[Result "1/2-1/2"]
[PlyCount "39"]
[EventDate "2014.07.06"]

1. e4 e5 2. Nc3 Bc5 3. Na4 Bxf2+ 4. Kxf2 Qh4+ 5. Ke3 Qf4+ 6. Kd3 d5 7. Kc3 Qxe4
8. Kb3 Na6 9. a3 Qxa4+ 10. Kxa4 Nc5+ 11. Kb4 a5+ 12. Kxc5 Ne7 13. Bb5+ Kd8 14.
Bc6 b6+ 15. Kb5 Nxc6 16. Kxc6 Bb7+ 17. Kb5 Ba6+ 18. Kc6 Bb7+ 19. Kb5 Ba6+ 20.
Kc6 1/2-1/2

[Event "III Festival Scacchisti.it A"]
[Site "Acqui Terme ITA"]
[Date "2014.07.08"]
[Round "4"]
[White "Cebalo, Miso"]
[Black "Yao, Stefano"]
[WhiteElo "2426"]
[BlackElo "2176"]
[Result "1/2-1/2"]
[PlyCount "98"]
[EventDate "2014.07.06"]

1. d4 Nf6 2. Bg5 e6 3. e4 h6 4. Bxf6 Qxf6 5. c3 d6 6. Bd3 g6 7. Ne2 Bg7 8. O-O
O-O 9. f4 c5 10. dxc5 dxc5 11. e5 Qe7 12. Ng3 Rd8 13. Qe2 Bd7 14. Nd2 Bc6 15.
Nc4 Nd7 16. Nd6 Nb6 17. Rad1 Nd5 18. Qf2 b6 19. Be4 f5 20. exf6 Qxf6 21. Nc4
Bb5 22. Bd3 Bxc4 23. Bxc4 Kh8 24. Qf3 Qf7 25. Qe4 Rd6 26. f5 gxf5 27. Nxf5 exf5
28. Rxd5 Qxd5 29. Qxd5 Rxd5 30. Bxd5 Rf8 31. Re1 Rd8 32. Be6 f4 33. Re2 Bf6 34.
Kf2 Rd3 35. g3 fxg3+ 36. hxg3 Kg7 37. Bc4 Rd8 38. Kf3 Rf8 39. Kg4 Bg5 40. a4
Rd8 41. Re6 Rd2 42. b3 Rd7 43. Rc6 Kf8 44. Kh5 Ke7 45. Re6+ Kd8 46. g4 Re7 47.
Rd6+ Rd7 48. Rg6 Re7 49. Re6 Bc1 1/2-1/2

[Event "III Festival Scacchisti.it A"]
[Site "Acqui Terme ITA"]
[Date "2014.07.08"]
[Round "4"]
[White "De Santis, Alessio"]
[Black "Del Rio Angelis, Salvador Gabriel"]
[WhiteElo "2263"]
[BlackElo "2520"]
[Result "0-1"]
[PlyCount "168"]
[EventDate "2014.07.06"]

1. d4 e6 2. c4 b6 3. Nf3 Bb7 4. g3 Nf6 5. Bg2 Bb4+ 6. Bd2 Be7 7. Nc3 O-O 8. O-O
Na6 9. Rc1 d5 10. cxd5 exd5 11. Qa4 c5 12. Bg5 Qe8 13. Qxe8 Rfxe8 14. Rfd1 Rad8
15. Nb5 Ne4 16. Bxe7 Rxe7 17. Nxa7 Nd6 18. Ne5 Nb8 19. a4 c4 20. e3 Kf8 21. Nb5
f6 22. Nf3 Nc6 23. Nxd6 Rxd6 24. Rc3 b5 25. axb5 Na7 26. Ra1 Nxb5 27. Rc2 Rb6
28. Nd2 Kf7 29. b3 c3 30. Nb1 Nxd4 31. exd4 Re1+ 32. Bf1 Ba6 33. Rxa6 Rxa6 34.
Nxc3 Raa1 35. Nxd5 Rxf1+ 36. Kg2 Rfc1 37. Re2 Ra7 38. Ne3 Rb1 39. h4 Rxb3 40.
h5 Rab7 41. Nf5 Rd7 42. Rd2 Rb5 43. g4 Rbd5 44. Kf3 g6 45. hxg6+ hxg6 46. Ne3
Rxd4 47. Ra2 Rd2 48. Ra4 Kg7 49. Kg3 Rb7 50. Rf4 Rbb2 51. Rf3 Rd4 52. Kh4 Ra2
53. Kg3 Re4 54. Kh3 Raa4 55. Rg3 Rf4 56. Rg2 Rf3+ 57. Kh2 Ra1 58. Nd5 Rf1 59.
Ne3 R1xf2 60. Rxf2 Rxf2+ 61. Kg3 Ra2 62. Nd5 Ra3+ 63. Kf4 Ra4+ 64. Kf3 Kf7 65.
Nf4 Rxf4+ 66. Kxf4 Ke6 67. Ke4 g5 68. Kd4 f5 69. gxf5+ Kxf5 70. Ke3 Kg4 71. Kf2
Kh3 72. Kg1 g4 73. Kh1 g3 74. Kg1 g2 75. Kf2 Kh2 76. Kf3 g1=Q 77. Ke4 Kg3 78.
Kf5 Qe3 79. Kg6 Qe5 80. Kh6 Kg4 81. Kg6 Qe6+ 82. Kh7 Kg5 83. Kh8 Qe7 84. Kg8
Kg6 0-1

[Event "III Festival Scacchisti.it A"]
[Site "Acqui Terme ITA"]
[Date "2014.07.08"]
[Round "4"]
[White "Di Paolo, Raffaele"]
[Black "Briata, Federico"]
[WhiteElo "2259"]
[BlackElo "1971"]
[Result "1-0"]
[PlyCount "73"]
[EventDate "2014.07.06"]

1. e4 c5 2. Nf3 d6 3. c3 Nf6 4. Be2 Bg4 5. O-O e6 6. h3 Bh5 7. Re1 Nc6 8. d3
Be7 9. Nbd2 O-O 10. a3 a5 11. a4 d5 12. Qc2 Qc7 13. Nf1 Rad8 14. Ng3 Bg6 15.
Nh4 d4 16. Nxg6 hxg6 17. Rf1 Rd7 18. c4 Nh7 19. Nh1 f5 20. exf5 gxf5 21. f4 g5
22. Bf3 gxf4 23. Bxc6 Qxc6 24. Bxf4 Bg5 25. Rae1 Rg7 26. Qe2 Bxf4 27. Rxf4 e5
28. Rh4 Ng5 29. Rf1 e4 30. dxe4 fxe4 31. Rh8+ Kxh8 32. Rxf8+ Kh7 33. Qh5+ Qh6
34. Rh8+ Kxh8 35. Qxh6+ Kg8 36. Nf2 d3 37. Nxe4 1-0

[Event "III Festival Scacchisti.it A"]
[Site "Acqui Terme ITA"]
[Date "2014.07.08"]
[Round "4"]
[White "Efimov, Igor"]
[Black "Distaso, Antonio"]
[WhiteElo "2406"]
[BlackElo "2132"]
[Result "1-0"]
[PlyCount "47"]
[EventDate "2014.07.06"]

1. d4 d5 2. c4 c6 3. Nf3 Nf6 4. Qc2 dxc4 5. Qxc4 b5 6. Qc2 e6 7. e4 Be7 8. a4
b4 9. Bd3 h5 10. O-O a5 11. Nbd2 Bb7 12. Nc4 Nbd7 13. Bf4 Nb6 14. Rac1 O-O 15.
Rfd1 Nxc4 16. Bxc4 Rc8 17. Ba2 Re8 18. Ne5 Bd6 19. Nxf7 Kxf7 20. Bxd6 Qxd6 21.
e5 Qf8 22. exf6 gxf6 23. Rd3 f5 24. Re3 1-0

[Event "III Festival Scacchisti.it A"]
[Site "Acqui Terme ITA"]
[Date "2014.07.08"]
[Round "4"]
[White "Movileanu, Daniela"]
[Black "Damia, Angelo"]
[WhiteElo "2087"]
[BlackElo "2205"]
[Result "1/2-1/2"]
[PlyCount "103"]
[EventDate "2014.07.06"]

1. e4 d5 2. exd5 Qxd5 3. Nc3 Qd6 4. d4 Nf6 5. h3 Bf5 6. Nf3 Nc6 7. a3 O-O-O 8.
Be3 a6 9. Bd3 Bxd3 10. Qxd3 h6 11. O-O-O e6 12. Rhe1 g5 13. Kb1 Bg7 14. Re2 Kb8
15. Red2 Qe7 16. Qc4 Nd5 17. Nxd5 exd5 18. Qa4 f5 19. Rd3 f4 20. Bc1 Ka7 21. b4
Rhe8 22. b5 Nb8 23. Qb3 Rd6 24. a4 Qd7 25. Ba3 Rde6 26. h4 Qd8 27. Ka2 Bf8 28.
Bxf8 Rxf8 29. Rc3 Rb6 30. Rc5 c6 31. c4 axb5 32. cxb5 Na6 33. a5 Rxb5 34. Rxb5
cxb5 35. Qxb5 Qe8 36. Rb1 Qxb5 37. Rxb5 Rf6 38. Kb2 Rd6 39. Kc3 Nc7 40. Rb2 Ka6
41. Kb4 Ne6 42. Kc3 Nc7 43. Kb4 b6 44. axb6 Rxb6+ 45. Kc3 Rxb2 46. Kxb2 Nb5 47.
Kb3 Nd6 48. Ne5 Kb5 49. Kc2 Ne4 50. f3 Nf6 51. Nf7 gxh4 52. Ne5 1/2-1/2

[Event "III Festival Scacchisti.it A"]
[Site "Acqui Terme ITA"]
[Date "2014.07.08"]
[Round "4"]
[White "Pepino, Enrico"]
[Black "Bisi, Samuele"]
[WhiteElo "2200"]
[BlackElo "2099"]
[Result "1/2-1/2"]
[PlyCount "58"]
[EventDate "2014.07.06"]

1. e4 c5 2. Nf3 e6 3. d4 cxd4 4. Nxd4 Nc6 5. Nxc6 bxc6 6. c4 Nf6 7. Bd3 Qc7 8.
Qe2 e5 9. O-O Be7 10. Nc3 O-O 11. Bg5 d6 12. Rac1 Be6 13. b4 Ng4 14. Bd2 Rad8
15. b5 cxb5 16. cxb5 Qd7 17. Bc4 Nf6 18. Bd5 Bxd5 19. Nxd5 Nxd5 20. exd5 f5 21.
Ba5 Rc8 22. Rc6 Bg5 23. a4 Rf6 24. Qc4 Rcf8 25. Rc7 Qe8 26. Qc6 Qh5 27. Qd7 Rg6
28. Bb4 Bd2 29. Bxd2 Rxg2+ 1/2-1/2

[Event "III Festival Scacchisti.it A"]
[Site "Acqui Terme ITA"]
[Date "2014.07.09"]
[Round "5"]
[White "Altini, Nicola"]
[Black "Di Paolo, Raffaele"]
[WhiteElo "2412"]
[BlackElo "2259"]
[Result "1-0"]
[PlyCount "65"]
[EventDate "2014.07.06"]

1. d4 Nf6 2. c4 g6 3. Nc3 Bg7 4. e4 d6 5. Nf3 O-O 6. Be2 e5 7. O-O Nc6 8. d5
Ne7 9. b4 c6 10. dxc6 Nxc6 11. a3 Bg4 12. Bg5 Bxf3 13. Bxf3 h6 14. Be3 Nh7 15.
g3 Ng5 16. Bg2 Ne6 17. Qd2 h5 18. Rad1 Ned4 19. Nd5 h4 20. f4 hxg3 21. hxg3 Ne7
22. fxe5 Nxd5 23. Bxd4 dxe5 24. Bc5 Nb6 25. Bxf8 Qxf8 26. c5 Nc4 27. Qe2 b5 28.
Rd7 Bh6 29. Rfxf7 Qxf7 30. Rxf7 Kxf7 31. Bf1 Be3+ 32. Kg2 Bd4 33. Qa2 1-0

[Event "III Festival Scacchisti.it A"]
[Site "Acqui Terme ITA"]
[Date "2014.07.09"]
[Round "5"]
[White "Damia, Angelo"]
[Black "Santeramo, Alessia Carmen"]
[WhiteElo "2205"]
[BlackElo "1948"]
[Result "1-0"]
[PlyCount "91"]
[EventDate "2014.07.06"]

1. Nf3 c5 2. c4 g6 3. h4 Nf6 4. Nc3 Bg7 5. d4 cxd4 6. Nxd4 d6 7. e3 Nc6 8. Be2
h5 9. Bf3 Bd7 10. c5 dxc5 11. Nxc6 Bxc6 12. Bxc6+ bxc6 13. Qxd8+ Rxd8 14. Bd2
Nd5 15. Na4 Nb4 16. Bxb4 cxb4 17. Rc1 Rd6 18. Ke2 b3 19. axb3 e6 20. Rhd1 Ke7
21. Rxd6 Kxd6 22. Kd3 Rb8 23. Kc2 Rb5 24. Rd1+ Rd5 25. Ra1 Rf5 26. f3 Rd5 27.
b4 Rb5 28. Nc3 Rxb4 29. Ne4+ Kd5 30. Rd1+ Kc4 31. b3+ Kb5 32. Rd7 Bh6 33. Rb7+
Ka5 34. Rxa7+ Kb6 35. Rxf7 Bxe3 36. Rf6 Rb5 37. Rxg6 e5 38. Nc3 Ra5 39. b4 Ra3
40. b5 Bd4 41. Rxc6+ Kb7 42. Kd3 Bf2 43. Ke4 Bg3 44. Kf5 Rb3 45. Ne4 Rxb5 46.
Rg6 1-0

[Event "III Festival Scacchisti.it A"]
[Site "Acqui Terme ITA"]
[Date "2014.07.09"]
[Round "5"]
[White "Del Rio Angelis, Salvador Gabriel"]
[Black "Aghayev, Miragha"]
[WhiteElo "2520"]
[BlackElo "2364"]
[Result "1-0"]
[PlyCount "77"]
[EventDate "2014.07.06"]

1. d4 Nf6 2. c4 g6 3. Nc3 d5 4. Bf4 Bg7 5. e3 O-O 6. Rc1 Be6 7. cxd5 Nxd5 8.
Nxd5 Qxd5 9. a3 c6 10. Nf3 Bg4 11. Be2 e5 12. Rc5 Qa2 13. Qc1 Qe6 14. Bc4 Qe8
15. Rxe5 Bxe5 16. Nxe5 Be6 17. Bh6 Nd7 18. Nxd7 Qxd7 19. Bxf8 Bxc4 20. Qxc4
Rxf8 21. O-O Rc8 22. Rc1 h5 23. h3 Rd8 24. Qc5 a6 25. Qb4 Kh7 26. Rc5 Re8 27.
Qc3 Kg8 28. b4 Qe6 29. Qc4 Qe4 30. Qc2 Qe6 31. Re5 Qd7 32. Qe4 Rxe5 33. Qxe5
Kh7 34. e4 f5 35. exf5 gxf5 36. Kh2 Kg6 37. Kg3 Qf7 38. Qd6+ Kh7 39. Qf4 1-0

[Event "III Festival Scacchisti.it A"]
[Site "Acqui Terme ITA"]
[Date "2014.07.09"]
[Round "5"]
[White "Distaso, Antonio"]
[Black "Albanesi, Roberto"]
[WhiteElo "2132"]
[BlackElo "1964"]
[Result "0-1"]
[PlyCount "98"]
[EventDate "2014.07.06"]

1. e4 d6 2. d4 Nf6 3. Nc3 g6 4. g3 Bg7 5. Bg2 O-O 6. Nge2 Nbd7 7. O-O e5 8. h3
exd4 9. Nxd4 Re8 10. Re1 Ne5 11. f4 Nc4 12. Qd3 Nb6 13. Be3 c6 14. Rad1 d5 15.
e5 Nfd7 16. Bc1 Nc5 17. Qe3 Ne6 18. Nxe6 Bxe6 19. Ne4 Nc4 20. Qf2 Qb6 21. Ng5
Qxf2+ 22. Kxf2 Bf5 23. b3 Nb6 24. Re2 f6 25. Nf3 Be4 26. Bb2 fxe5 27. Nxe5 Bxg2
28. Kxg2 Nd7 29. Rde1 Nxe5 30. Bxe5 Bxe5 31. Rxe5 Rxe5 32. Rxe5 Kf7 33. Kf3 Rd8
34. Ke3 Rd6 35. Kd4 Re6 36. g4 Kf6 37. Rxe6+ Kxe6 38. c4 dxc4 39. bxc4 b6 40.
Ke4 h6 41. f5+ gxf5+ 42. gxf5+ Kf6 43. Kf4 h5 44. h4 a6 45. Ke4 b5 46. cxb5
cxb5 47. Kf4 b4 48. Ke4 a5 49. Kf4 a4 0-1

[Event "III Festival Scacchisti.it A"]
[Site "Acqui Terme ITA"]
[Date "2014.07.09"]
[Round "5"]
[White "Movileanu, Daniela"]
[Black "Cebalo, Miso"]
[WhiteElo "2087"]
[BlackElo "2426"]
[Result "0-1"]
[PlyCount "67"]
[EventDate "2014.07.06"]

1. Nf3 c5 2. c4 g6 3. Nc3 Bg7 4. d4 cxd4 5. Nxd4 Nc6 6. Nc2 d6 7. e4 Be6 8. Be3
Rc8 9. Nd4 Qd7 10. Be2 Nf6 11. b3 O-O 12. O-O a6 13. f3 Qc7 14. Rc1 Qa5 15.
Nxc6 bxc6 16. Qd2 Rfd8 17. Rfd1 Nd7 18. Na4 Qxd2 19. Rxd2 c5 20. Rcd1 Re8 21.
Bd3 Rc7 22. Rc2 Ne5 23. Be2 Nc6 24. Nc3 Nb4 25. Rcc1 Bxc3 26. Rxc3 Nxa2 27. Rc2
Nb4 28. Rcd2 f6 29. f4 Nc6 30. Ra2 Rb8 31. Rxa6 Rxb3 32. Kf2 Kf7 33. g4 Nb4 34.
Rb6 0-1

[Event "III Festival Scacchisti.it A"]
[Site "Acqui Terme ITA"]
[Date "2014.07.09"]
[Round "5"]
[White "Sergeev, Vladimir"]
[Black "Lazic, Miroljub"]
[WhiteElo "2447"]
[BlackElo "2466"]
[Result "1/2-1/2"]
[PlyCount "35"]
[EventDate "2014.07.06"]

1. d4 d6 2. Bg5 Nd7 3. e3 Ngf6 4. c4 e5 5. Nc3 Be7 6. Nf3 O-O 7. Qc2 c6 8. Bd3
h6 9. Bh4 Re8 10. O-O Nh5 11. Bg3 Nxg3 12. hxg3 Qc7 13. d5 Nf6 14. e4 cxd5 15.
Nxd5 Nxd5 16. exd5 Bg4 17. Rac1 Rec8 18. Qb3 1/2-1/2

[Event "III Festival Scacchisti.it A"]
[Site "Acqui Terme ITA"]
[Date "2014.07.09"]
[Round "5"]
[White "Yao, Stefano"]
[Black "De Santis, Alessio"]
[WhiteElo "2176"]
[BlackElo "2263"]
[Result "1/2-1/2"]
[PlyCount "103"]
[EventDate "2014.07.06"]

1. d4 b6 2. Nf3 Bb7 3. g3 Nf6 4. Bg2 c5 5. dxc5 bxc5 6. c4 g6 7. b3 Bg7 8. Bb2
O-O 9. O-O d6 10. Nc3 Nc6 11. Qc1 a6 12. Rd1 Ra7 13. e3 Qa8 14. Ne1 Ne5 15. Nd5
Nxd5 16. cxd5 a5 17. Nd3 Nxd3 18. Rxd3 Bxb2 19. Qxb2 Rb8 20. h4 e5 21. f4 Re8
22. e4 Qd8 23. Qf2 Qf6 24. Re1 Bc8 25. Kh2 Bg4 26. Bf3 h5 27. Bxg4 hxg4 28. f5
Rb8 29. Rf1 a4 30. Qe2 axb3 31. axb3 Ra3 32. fxg6 Qxg6 33. Rf5 f6 34. h5 Qg7
35. Qf1 Kf7 36. Qc1 Ra2+ 37. Kg1 Rba8 38. Rd1 Ke7 39. Rdf1 Rf8 40. Qb1 Ra7 41.
Qc1 Rb7 42. Qe3 Rb4 43. R1f2 Rb7 44. Kg2 Rb4 45. Qd3 Rb7 46. Qa6 Rd7 47. Rf1
Qh6 48. Qe2 Qg7 49. Qd3 Qh6 50. Qc3 Ra7 51. R1f2 Rb7 52. Rf1 1/2-1/2